Trh práce v podmienkach recesie a prístupy k riešeniu nezamestnanosti
Globálna finančná a hospodárska kríza sa nepriaznivo prejavila aj na Slovensku, a to v poklese ekonomického rastu i vo zvýšení nezamestnanosti. Slovenský export je zameraný najmä na krajiny eurozóny, čo sa prejavilo v poklese dopytu po slovenských tovaroch a službách, predovšetkým po spotrebných a i...
Salvato in:
| Autore principale: | |
|---|---|
| Altri autori: | |
| Natura: | Capitolo di libro |
| Lingua: | slovacco |
| Soggetti: | |
| Tags: |
Nessun Tag, puoi essere il primo ad aggiungerne!!
|
MARC
| LEADER | 00000nla$a2200000$$$4500 | ||
|---|---|---|---|
| 001 | 0108469 | ||
| 005 | 20240502072210.2 | ||
| 041 | 0 | |a slo | |
| 044 | |a SK | ||
| 245 | 1 | 0 | |a Trh práce v podmienkach recesie a prístupy k riešeniu nezamestnanosti |c Eva Rievajová, Zuzana Poláčiková |
| 520 | |a Globálna finančná a hospodárska kríza sa nepriaznivo prejavila aj na Slovensku, a to v poklese ekonomického rastu i vo zvýšení nezamestnanosti. Slovenský export je zameraný najmä na krajiny eurozóny, čo sa prejavilo v poklese dopytu po slovenských tovaroch a službách, predovšetkým po spotrebných a investičných tovaroch. Nižší dopyt a hospodársky rast spôsobili začiatkom roka 2009 pokles zamestnanosti najmä v proexportne zameraných firmách. Na zmiernenie dôsledkov globálnej finančnej a hospodárskej krízy na slovenský trh práce, najmä na podporu udržania pracovných miest a vytvorenie nových pracovných miest, boli navrhnuté viaceré aktívne opatrenia na trhu práce, ktoré majú dočasný charakter. | ||
| 610 | 2 | 0 | |a kríza hospodárska |
| 610 | 2 | 0 | |a trh práce |
| 610 | 2 | 0 | |a nezamestnanosť |
| 610 | 2 | 0 | |a recesia |
| 610 | 2 | 0 | |a Slovensko |
| 100 | 1 | |a Rievajová, Eva | |
| 700 | 1 | |a Poláčiková, Zuzana | |